[Event "Niteroi op 4th"]
[Site "Niteroi"]
[Date "2024.08.28"]
[Round "1"]
[White "Dos Santos, Gilvan Nobrega"]
[Black "Neto, Odilon Romano"]
[Result "1-0"]
[WhiteElo "1898"]
[BlackElo "1782"]
[PlyCount "55"]
[EventDate "2024.08.28"]
[EventType "swiss"]
[EventRounds "7"]
[EventCountry "BRA"]
[SourceTitle "CBM 221 Extra"]
[Source "ChessBase"]
[SourceDate "2024.09.30"]
[SourceVersion "1"]
[SourceVersionDate "2024.09.30"]
[SourceQuality "1"]

1. c4 e5 2. Nc3 Nf6 3. Nf3 Nc6 4. g3 d6 5. Bg2 Be7 6. 0-0 0-0 7. d4 h6 8. h3 a6 9. e3 Re8 10. a3 Bf5 11. b4 Qc8 12. g4 exd4 13. Nxd4 Nxd4 14. Qxd4 Be6 15. f4 c5 16. bxc5 dxc5 17. Qd3 Rb8 18. f5 Rd8 19. Qe2 Bd7 20. e4 Bc6 21. Bf4 Ra8 22. e5 Bxg2 23. Qxg2 Nh7 24. Nd5 Qd7 25. Rad1 Kf8 26. f6 gxf6 27. Bxh6+ Ke8 28. Nxf6+ 1-0